[Event "?"]
[Site "ICS rated lightning match, 13"]
[Date "1997.??.??"]
[Round "?"]
[White "Brause"]
[Black "Wildsau"]
[Result "1-0"]
[WhiteElo "2185"]
[BlackElo "2390"]
[PlyCount "113"]

1. e4 e5 2. Nf3 Nc6 3. Nc3 Nf6 4. Nxe5 Nxe5 5. d4 Ng6 6. e5 Ng8 7. Bc4 d6 8.
Qf3 Qd7 9. O-O dxe5 10. dxe5 Nxe5 11. Re1 f6 12. Rxe5+ fxe5 13. Qh5+ Kd8 14.
Bxg8 Qf5 15. Bg5+ Be7 16. Bxe7+ Kxe7 17. Qh4+ Ke8 18. Nd5 Qd7 19. Re1 Qd6 20.
Qh5+ g6 21. Rxe5+ Kf8 22. Qh6+ Kxg8 23. Re7 Qxe7 24. Nxe7+ Kf7 25. Nxg6 Re8 26.
Qxh7+ Kf6 27. h4 Bf5 28. Qh6 Re1+ 29. Kh2 Bxg6 30. h5 Rg8 31. hxg6 Rxg6 32.
Qf4+ Ke6 33. Qc4+ Kf5 34. Qd3+ Re4 35. f3 Rge6 36. fxe4+ Rxe4 37. Qd5+ Re5 38.
Qxb7 Rc5 39. g4+ Kf6 40. Qe4 Ra5 41. Qc6+ Kg5 42. Qxc7 Rd5 43. Kg3 Kf6 44. Qxa7
Rd1 45. g5+ Kg6 46. Qb6+ Kg7 47. a4 Ra1 48. Qd4+ Kf8 49. a5 Kf7 50. b4 Rb1 51.
a6 Kg6 52. a7 Kxg5 53. a8=Q Rg1+ 54. Qxg1 Kf6 55. Qc6+ Ke7 56. Qa7+ Kd8 57.
Qcd7# 1-0

[Event "?"]
[Site "ICS rated lightning match, 13"]
[Date "1997.??.??"]
[Round "?"]
[White "Brause"]
[Black "Wildsau"]
[Result "1-0"]
[WhiteElo "2190"]
[BlackElo "2380"]
[PlyCount "121"]

1. e4 e5 2. Nf3 Nc6 3. Nc3 Nf6 4. Nxe5 Nxe5 5. d4 Ng6 6. e5 Ng8 7. Bc4 d6 8.
Qf3 Qd7 9. O-O dxe5 10. dxe5 Nxe5 11. Re1 f6 12. Rxe5+ fxe5 13. Qh5+ Kd8 14.
Bxg8 Qf5 15. Bg5+ Be7 16. Bxe7+ Kxe7 17. Qh4+ Ke8 18. Nd5 Qd7 19. Re1 Qd6 20.
Qh5+ g6 21. Rxe5+ Kf8 22. Qh6+ Kxg8 23. Re7 Qxe7 24. Nxe7+ Kf7 25. Nxg6 Re8 26.
Qxh7+ Kf6 27. h4 Bf5 28. Qh6 Bxg6 29. h5 Rg8 30. hxg6 Rh8 31. Qf4+ Kxg6 32.
Qe4+ Kf6 33. Qxb7 Rad8 34. g3 Rd1+ 35. Kg2 Rhd8 36. Qxa7 R8d7 37. a4 R1d2 38.
Qc5 Kg6 39. a5 Rf7 40. a6 Rf5 41. Qc6+ Kg5 42. a7 Rfxf2+ 43. Kg1 Rfe2 44. Qb5+
Kh6 45. Qxe2 Rxe2 46. a8=Q Rxc2 47. Qe4 Rc1+ 48. Kg2 Ra1 49. Qc6+ Kg5 50. Qxc7
Kf5 51. b4 Ra2+ 52. Kh3 Ra3 53. Qc1 Rxg3+ 54. Kxg3 Ke5 55. Qc5+ Ke4 56. b5 Kd3
57. b6 Ke4 58. b7 Kd3 59. b8=Q Ke2 60. Qb2+ Kd1 61. Qg1# 1-0

[Event "?"]
[Site "ICS rated lightning match, 13"]
[Date "1997.??.??"]
[Round "?"]
[White "Brause"]
[Black "Wildsau"]
[Result "1-0"]
[WhiteElo "2210"]
[BlackElo "2360"]
[PlyCount "119"]

1. e4 e5 2. Nf3 Nc6 3. Nc3 Nf6 4. Nxe5 Nxe5 5. d4 Ng6 6. e5 Ng8 7. Bc4 d6 8.
Qf3 Qd7 9. O-O dxe5 10. dxe5 Nxe5 11. Re1 f6 12. Rxe5+ fxe5 13. Qh5+ Kd8 14.
Bxg8 Qf5 15. Bg5+ Be7 16. Bxe7+ Kxe7 17. Qh4+ Ke8 18. Nd5 Qd7 19. Re1 Qd6 20.
Qh5+ g6 21. Rxe5+ Kf8 22. Qh6+ Kxg8 23. Re7 Qxe7 24. Nxe7+ Kf7 25. Nxg6 Re8 26.
Qxh7+ Kf6 27. f4 Bf5 28. Qh4+ Ke6 29. Ne5 Bxc2 30. Qh3+ Kf6 31. Qh6+ Kf5 32. g3
Ke4 33. Qh7+ Ke3 34. Qxc2 Rad8 35. Qb3+ Ke2 36. Qxb7 Rd1+ 37. Kg2 Rdd8 38. Qxa7
Rd2 39. h4 Rh8 40. Nc4 Rdd8 41. Qf2+ Kd3 42. Ne5+ Ke4 43. Nf7 Kf5 44. Qc5+ Ke6
45. Nxh8 Rd2+ 46. Kf3 Kd7 47. Qb5+ Ke7 48. Ng6+ Kf6 49. Qg5+ Kf7 50. Ne5+ Ke6
51. Qg6+ Ke7 52. Qf7+ Kd6 53. Qd7+ Kc5 54. Qxc7+ Kb5 55. Qc6+ Ka5 56. b4+ Kxb4
57. Qb6+ Ka4 58. Qb3+ Ka5 59. Nc4+ Ka6 60. Qb6# 1-0

[Event "?"]
[Site "ICS rated lightning match, 16"]
[Date "1997.??.??"]
[Round "?"]
[White "Brause"]
[Black "EyeAreSee"]
[Result "1-0"]
[WhiteElo "2350"]
[BlackElo "1690"]
[PlyCount "55"]

1. e4 e5 2. Nf3 Nc6 3. Nc3 Nf6 4. Nxe5 Nxe5 5. d4 Ng6 6. e5 Ng8 7. Bc4 c6 8.
Qf3 Qe7 9. Be3 b5 10. Nxb5 cxb5 11. Qxa8 bxc4 12. Qxc8+ Qd8 13. Qxc4 N8e7 14.
O-O Nh4 15. Bg5 Nhf5 16. c3 h6 17. Bd2 g5 18. Rfe1 Bg7 19. Rab1 O-O 20. Rbd1 d5
21. exd6 Qxd6 22. Qa4 Nh4 23. Qxa7 Qd5 24. f3 g4 25. Qxe7 Nxf3+ 26. gxf3 Qxf3
27. Qe4 Qh3 28. Qf5 1-0

[Event "?"]
[Site "ICS rated lightning match, 16"]
[Date "1997.??.??"]
[Round "?"]
[White "Brause"]
[Black "EyeAreSee"]
[Result "1-0"]
[WhiteElo "2415"]
[BlackElo "1700"]
[PlyCount "63"]

1. e4 e5 2. Nf3 Nc6 3. Nc3 Nf6 4. Nxe5 Nxe5 5. d4 Ng6 6. e5 Ng8 7. Bc4 c6 8.
Qf3 Qe7 9. Be3 Nh6 10. Bxh6 gxh6 11. O-O-O Bg7 12. Ne4 O-O 13. Nd6 b5 14. Bxb5
cxb5 15. Qxa8 Ba6 16. Qxa7 Bc8 17. Kb1 b4 18. Qa8 Qd8 19. Qxc8 Qxc8 20. Nxc8
Rxc8 21. g3 Ra8 22. c3 Bf8 23. cxb4 Bxb4 24. a3 Be7 25. f4 Nf8 26. Rd3 Ne6 27.
f5 Nc7 28. Rb3 Nd5 29. f6 Bf8 30. Rb5 Ne3 31. Rb7 d6 32. Re1 1-0

[Event "?"]
[Site "ICS rated lightning match, 16"]
[Date "1997.??.??"]
[Round "?"]
[White "Brause"]
[Black "EyeAreSee"]
[Result "1-0"]
[WhiteElo "2415"]
[BlackElo "1700"]
[PlyCount "39"]

1. e4 e5 2. Nf3 Nc6 3. Nc3 Nf6 4. Nxe5 Nxe5 5. d4 Ng6 6. e5 Ng8 7. Bc4 c6 8.
Qf3 f6 9. Be3 b5 10. Bxg8 Rxg8 11. O-O Bb4 12. e6 dxe6 13. Nxb5 Rb8 14. Nxa7
Bb7 15. Nxc6 Bxc6 16. Qxc6+ Qd7 17. Qxd7+ Kxd7 18. c4 Rgc8 19. b3 Bc3 20. Rac1
1-0

[Event "?"]
[Site "ICS rated lightning match, 16"]
[Date "1997.??.??"]
[Round "?"]
[White "Brause"]
[Black "johnnymc"]
[Result "1-0"]
[WhiteElo "2405"]
[BlackElo "2845"]
[PlyCount "49"]

1. e4 e5 2. Nf3 Nc6 3. Nc3 Nf6 4. Nxe5 Nxe5 5. d4 Nc6 6. d5 Ne7 7. e5 Nfg8 8.
d6 cxd6 9. exd6 Nc6 10. Nb5 Rb8 11. Nc7+ Qxc7 12. dxc7 Ra8 13. Bb5 Bd6 14. Qxd6
Nd4 15. Qxd4 Ne7 16. Qxg7 a6 17. Qxh8+ Ng8 18. Qxg8+ Ke7 19. Qd8+ Ke6 20. Bxd7+
Kd6 21. Bxc8+ Kc6 22. Qd7+ Kb6 23. Be3+ Ka5 24. Bd2+ Kb6 25. Qd6+ 1-0

[Event "?"]
[Site "ICS rated lightning match, 16"]
[Date "1997.??.??"]
[Round "?"]
[White "Brause"]
[Black "johnnymc"]
[Result "1-0"]
[WhiteElo "2405"]
[BlackElo "2845"]
[PlyCount "73"]

1. e4 e5 2. Nf3 Nc6 3. Nc3 Nf6 4. Nxe5 Nxe5 5. d4 Nc6 6. d5 Ne7 7. e5 Nfg8 8.
d6 cxd6 9. exd6 Ng6 10. Qe2+ Be7 11. Nb5 a6 12. Nc7+ Kf8 13. dxe7+ N8xe7 14.
Nxa8 b5 15. Qe3 Bb7 16. Nb6 Nd5 17. Nxd5 Bxd5 18. Qc5+ d6 19. Qxd5 f6 20. Qc6
Ne7 21. Qxa6 Kf7 22. Bxb5 Qc8 23. Qxc8 Rxc8 24. Kd1 Rxc2 25. Kxc2 Nc6 26. Bxc6
d5 27. Bxd5+ Ke7 28. Re1+ Kd6 29. Be4 f5 30. Bf4+ Kc5 31. Bxf5 g6 32. Bd3 Kb6
33. Re7 Kc6 34. Rxh7 Kd5 35. Bxg6 Ke6 36. Rd1 Kf6 37. Rd6# 1-0

[Event "?"]
[Site "ICS rated lightning match, 16"]
[Date "1997.??.??"]
[Round "?"]
[White "Brause"]
[Black "EyeAreSee"]
[Result "1-0"]
[WhiteElo "2405"]
[BlackElo "1700"]
[PlyCount "61"]

1. e4 e5 2. Nf3 Nc6 3. Nc3 Nf6 4. Nxe5 Nxe5 5. d4 Ng6 6. e5 Qe7 7. f4 d5 8. Qe2
Nd7 9. Nxd5 Qd8 10. Qe4 c6 11. Nc3 Bb4 12. a3 Bxc3+ 13. bxc3 O-O 14. Be2 Qa5
15. Bd2 Qd5 16. Qxd5 cxd5 17. c4 Ne7 18. Bb4 Re8 19. Bxe7 Rxe7 20. cxd5 Nb6 21.
d6 Re8 22. c4 f6 23. c5 fxe5 24. fxe5 Nd7 25. Bc4+ Kh8 26. Bf7 Rf8 27. e6 Nf6
28. O-O b6 29. c6 Bxe6 30. Bxe6 Rad8 31. d7 1-0

[Event "?"]
[Site "ICS rated lightning match, 16"]
[Date "1997.??.??"]
[Round "?"]
[White "Brause"]
[Black "LightViolet"]
[Result "1-0"]
[WhiteElo "2405"]
[BlackElo "2505"]
[PlyCount "167"]

1. e4 e5 2. Nf3 Nc6 3. Nc3 Nf6 4. Nxe5 Nxe5 5. d4 Nc6 6. d5 Ne5 7. f4 Ng6 8. e5
Qe7 9. Qe2 Nxe5 10. fxe5 Ng8 11. d6 Qh4+ 12. g3 Qb4 13. a3 Qa5 14. Qb5 b6 15.
Qxa5 bxa5 16. Nd5 cxd6 17. Nc7+ Kd8 18. Nxa8 Bb7 19. Bg5+ f6 20. exf6 gxf6 21.
Bd2 Bxh1 22. Bxa5+ Kc8 23. Nc7 Be4 24. Ba6+ Kb8 25. Rd1 Bb7 26. Bxb7 Kxb7 27.
Nd5 Bg7 28. Nb4 Bf8 29. Rd4 f5 30. Rc4 Nf6 31. Rc7+ Ka8 32. Nd3 Bh6 33. Kd1 Re8
34. Bb4 Re6 35. Rc8+ Kb7 36. Rh8 Bg5 37. Bc3 h6 38. Bxf6 Rxf6 39. Rh7 Kc8 40.
Nb4 f4 41. Nd3 f3 42. Nf2 Re6 43. Rf7 Rf6 44. Rg7 Re6 45. h4 Be3 46. Nd3 Bd4
47. Rg8+ Kb7 48. Rf8 Rf6 49. Rxf6 Bxf6 50. Ke1 Bd4 51. g4 Kc6 52. c3 Be3 53. c4
Kc7 54. h5 d5 55. Nb4 d4 56. Nd3 d6 57. b4 Kc6 58. Kf1 a6 59. Ne1 d5 60. c5 a5
61. bxa5 Kxc5 62. a4 Kc4 63. Nxf3 d3 64. Nh4 d2 65. Ke2 Kc3 66. Nf5 d4 67. Kd1
Bf4 68. a6 Bb8 69. Nd6 Kb3 70. Nc8 Kxa4 71. a7 Bxa7 72. Nxa7 Kb4 73. g5 hxg5
74. h6 Kc4 75. h7 Kd5 76. Kxd2 Ke4 77. h8=Q g4 78. Qe8+ Kf3 79. Nc6 Kg3 80.
Qe1+ Kh3 81. Nxd4 g3 82. Qe6+ Kh4 83. Nf3+ Kh5 84. Qf5+ 1-0

[Event "?"]
[Site "ICS rated lightning match, 16"]
[Date "1997.??.??"]
[Round "?"]
[White "Brause"]
[Black "LightViolet"]
[Result "0-1"]
[WhiteElo "2385"]
[BlackElo "2565"]
[PlyCount "132"]

1. e4 e5 2. Nf3 Nc6 3. Nc3 Nf6 4. Nxe5 Nxe5 5. d4 Nc6 6. d5 Na5 7. e5 Qe7 8.
Qe2 Ng8 9. d6 Qh4 10. Nb5 Rb8 11. dxc7 Ra8 12. Nd6+ Bxd6 13. exd6+ Kf8 14. Bd2
Qa4 15. Qe3 Nc4 16. Qd4 Nb6 17. Bc3 Qxd4 18. Bxd4 Nh6 19. Bxb6 axb6 20. a3 Ra5
21. O-O-O Ng4 22. Rd2 Nf6 23. f3 Rd5 24. Rxd5 Nxd5 25. g3 h5 26. Bc4 Nf6 27.
Rd1 Rh6 28. f4 Ne8 29. Rd5 Nxd6 30. Bb3 Ne8 31. Rf5 f6 32. Rb5 h4 33. g4 Nxc7
34. Rxb6 h3 35. Rb4 d5 36. f5 Ke7 37. c4 d4 38. c5 Rh4 39. Rxd4 Bxf5 40. Rb4
Bc8 41. Bd1 Ne6 42. Rc4 Nd8 43. Re4+ Kf7 44. Bf3 Nc6 45. Ra4 Ne5 46. Bd5+ Kg6
47. Ra8 Bxg4 48. Bxb7 Bf3 49. Ra7 Bxb7 50. Rxb7 Rg4 51. Kc2 Rg2+ 52. Kc3 Rxh2
53. Rb8 Re2 54. Rh8 h2 55. b3 Ng4 56. Rh4 Kg5 57. Rh7 Nh6 58. Rxg7+ Kf4 59. Rg6
Ng4 60. Kd3 Re3+ 61. Kd4 Re4+ 62. Kc3 h1=Q 63. Rxg4+ Kxg4 64. Kc2 Qf3 65. Kb1
Re2 66. Kc1 Qf1# 0-1

[Event "?"]
[Site "ICS rated lightning match, 16"]
[Date "1997.??.??"]
[Round "?"]
[White "Brause"]
[Black "roboElvis"]
[Result "0-1"]
[WhiteElo "2355"]
[BlackElo "2375"]
[PlyCount "180"]

1. e4 e5 2. Nf3 Nf6 3. Nc3 Nc6 4. Nxe5 Nxe5 5. d4 Nc6 6. d5 Ne5 7. f4 Ng6 8. e5
Qe7 9. Qe2 Ng8 10. d6 Qd8 11. Nd5 Bxd6 12. exd6+ Kf8 13. dxc7 Qe8 14. Qxe8+
Kxe8 15. Be3 b6 16. Nc3 N8e7 17. Bd3 d5 18. O-O-O Kd7 19. Bxg6 hxg6 20. Nxd5
Nxd5 21. c4 Kxc7 22. Rxd5 Be6 23. Rd4 Rae8 24. Re4 Kb8 25. Bd4 Bxc4 26. Be5+
Rxe5 27. Rxe5 Bxa2 28. g3 Rc8+ 29. Kd2 Rd8+ 30. Ke3 Bc4 31. Rc1 Rd3+ 32. Kf2
Be6 33. Ke2 Rd7 34. b4 Bf5 35. Ke3 f6 36. Re8+ Kb7 37. Ra1 Rd3+ 38. Kf2 Rd2+
39. Re2 Rd7 40. h4 Kc6 41. Rea2 Kb5 42. Rxa7 Rd2+ 43. Ke1 Rg2 44. R1a3 Kxb4 45.
Re3 b5 46. Rxg7 Rc2 47. Re2 Rc6 48. Rb2+ Kc5 49. Kf2 Bd3 50. Rd2 Be4 51. g4 f5
52. Re7 Kb4 53. Re2 Kc3 54. Re3+ Kd4 55. Rd7+ Kc4 56. Re1 Kc3 57. Rc1+ Bc2 58.
gxf5 Kb2 59. Rxc2+ Rxc2+ 60. Ke1 Rc1+ 61. Rd1 Rc6 62. fxg6 Rxg6 63. f5 Rf6 64.
Rd5 b4 65. Kd2 b3 66. Kd3 Ka2 67. Ra5+ Kb1 68. Re5 b2 69. Kc3 Ra6 70. Re6 Ra3+
71. Kb4 Ka2 72. Re2 Rf3 73. Kc4 Ka1 74. Re1+ b1=Q 75. Rxb1+ Kxb1 76. Kd5 Rxf5+
77. Ke4 Rh5 78. Kf4 Rxh4+ 79. Kg5 Rd4 80. Kf5 Kc2 81. Ke6 Kd3 82. Ke5 Ke3 83.
Ke6 Kf4 84. Kf6 Re4 85. Kg7 Kf5 86. Kf7 Kg5 87. Kg7 Rf4 88. Kh8 Rf7 89. Kg8 Kg6
90. Kh8 Rf8# 0-1

[Event "?"]
[Site "ICS rated lightning match, 16"]
[Date "1997.??.??"]
[Round "?"]
[White "Brause"]
[Black "roboElvis"]
[Result "1-0"]
[WhiteElo "2355"]
[BlackElo "2370"]
[PlyCount "57"]

1. e4 e5 2. Nf3 Nc6 3. Nc3 Nf6 4. Nxe5 Nxe5 5. d4 Nc6 6. d5 Na5 7. e5 Qe7 8.
Qe2 Ng8 9. d6 Qh4 10. Nb5 Rb8 11. g3 Qa4 12. b3 Nxb3 13. cxb3 Qb4+ 14. Bd2 Qc5
15. Bg5 Qb4+ 16. Kd1 Be7 17. dxe7 Qa5 18. Qe1 Qxe1+ 19. Kxe1 Nxe7 20. Nxc7+ Kf8
21. f4 h6 22. Bxe7+ Kxe7 23. Rd1 b6 24. Bg2 Bb7 25. Bxb7 Rxb7 26. Nd5+ Ke6 27.
Ne3 Rc8 28. Rd6+ Ke7 29. Nd5+ 1-0

[Event "?"]
[Site "ICS rated lightning match, 16"]
[Date "1997.??.??"]
[Round "?"]
[White "Brause"]
[Black "toddmf"]
[Result "1-0"]
[WhiteElo "2405"]
[BlackElo "2010"]
[PlyCount "35"]

1. e4 e5 2. Nf3 Nf6 3. Nc3 Nc6 4. Nxe5 Nxe5 5. d4 Nc6 6. d5 Nb8 7. e5 Ng8 8. d6
cxd6 9. exd6 Qb6 10. Nb5 a6 11. Nc7+ Kd8 12. Nxa8 Qxd6 13. Qxd6 Bxd6 14. Be3
Nf6 15. O-O-O Bc7 16. Nxc7 Kxc7 17. Bf4+ Kd8 18. Bxb8 1-0

[Event "?"]
[Site "ICS rated blitz match, 131.24"]
[Date "1997.??.??"]
[Round "?"]
[White "Brause"]
[Black "Lichtzahn"]
[Result "0-1"]
[WhiteElo "2225"]
[BlackElo "2550"]
[PlyCount "113"]

1. e4 e5 2. Nf3 Nf6 3. Nc3 Nc6 4. Nxe5 Nxe5 5. d4 Nc6 6. d5 Na5 7. e5 Ng8 8. d6
cxd6 9. exd6 Qf6 10. Qe2+ Qe6 11. Nb5 Qxe2+ 12. Bxe2 Rb8 13. Bf4 a6 14. Nc7+
Kd8 15. Nd5 Nc6 16. O-O-O f6 17. Rhe1 Ne5 18. Nc3 g6 19. Ne4 Nf7 20. Bc4 Bh6
21. Bd2 Bxd2+ 22. Rxd2 Ng5 23. Nxg5 fxg5 24. Bxg8 Rxg8 25. Re7 Rh8 26. Rd3 b5
27. Rf3 h6 28. Rh7 Re8 29. Rxh6 Bb7 30. Rg3 Be4 31. Rxg5 Rc8 32. c3 b4 33. f3
Bd3 34. Kd2 Bb1 35. Rhxg6 Bxg6 36. Rxg6 bxc3+ 37. bxc3 Rc5 38. Kc2 Kc8 39. Kd3
Ra5 40. h4 Rxa2 41. g3 Rf2 42. f4 Rf3+ 43. Kd4 Re6 44. h5 Rxg6 45. hxg6 Rxg3
46. f5 Rg4+ 47. Ke3 a5 48. c4 Rg3+ 49. Kf4 Rg1 50. Ke4 a4 51. g7 Rxg7 52. Kd3
Rg2 53. f6 a3 54. f7 Rf2 55. Kc3 a2 56. f8=Q+ Rxf8 57. Kb2 0-1

[Event "?"]
[Site "ICS rated blitz match, 131.24"]
[Date "1997.??.??"]
[Round "?"]
[White "Brause"]
[Black "Lichtzahn"]
[Result "0-1"]
[WhiteElo "2225"]
[BlackElo "2555"]
[PlyCount "85"]

1. e4 e5 2. Nf3 Nf6 3. Nc3 Nc6 4. Nxe5 Nxe5 5. d4 Ng6 6. e5 Ng8 7. Bc4 c6 8.
Qe2 Qb6 9. Qf3 f5 10. Qd3 d6 11. O-O d5 12. Bb3 Be6 13. Na4 Qa5 14. Bd2 Qa6 15.
Qf3 O-O-O 16. Be3 Re8 17. Rad1 Be7 18. Rfe1 f4 19. Bd2 Nh6 20. Qc3 Nf5 21. Nc5
Bxc5 22. dxc5 Bd7 23. a3 Re6 24. Qf3 Nd4 25. Qh5 f3 26. Kh1 fxg2+ 27. Kxg2 Qb5
28. Rc1 Nxb3 29. cxb3 Qxb3 30. Kg1 Qxb2 31. Bc3 Qxa3 32. Bd2 Qd3 33. Rcd1 Qc2
34. f4 Qxc5+ 35. Be3 Qb4 36. Rf1 Qe4 37. Qf3 Qxf3 38. Rxf3 Nh4 39. Rf2 Rg6+ 40.
Kf1 Bh3+ 41. Ke1 Rg1+ 42. Kd2 Rxd1+ 43. Kxd1 0-1

[Event "?"]
[Site "ICS rated blitz match, 131.24"]
[Date "1997.??.??"]
[Round "?"]
[White "Brause"]
[Black "struppi"]
[Result "1-0"]
[WhiteElo "2240"]
[BlackElo "2280"]
[PlyCount "145"]

1. e4 e5 2. Nf3 Nc6 3. Nc3 Nf6 4. Nxe5 Nxe5 5. d4 Ng6 6. e5 Ng8 7. Bc4 d6 8.
Qf3 f6 9. Qh5 c6 10. Bxg8 Rxg8 11. O-O f5 12. Qxh7 Kf7 13. Qh3 dxe5 14. dxe5
Qh4 15. Qxh4 Nxh4 16. Be3 Be6 17. Rad1 Be7 18. f4 b6 19. Ne2 c5 20. Nc3 Rgd8
21. b3 Rxd1 22. Rxd1 Rd8 23. Rxd8 Bxd8 24. Kf2 a6 25. g3 Ng6 26. Ke2 Ne7 27.
Kd3 Nd5 28. Bf2 Nxc3 29. Kxc3 Bd5 30. Be3 Ke6 31. a3 Be7 32. Bf2 g5 33. h4 gxh4
34. gxh4 Bf3 35. Kd3 b5 36. Ke3 Bd1 37. Kd2 Bg4 38. c4 bxc4 39. bxc4 Kd7 40. a4
Kc6 41. Be1 Bd8 42. Kd3 a5 43. Kd2 Bf3 44. Bf2 Kb6 45. Kc2 Be2 46. Kb3 Kc6 47.
Bg3 Bb6 48. Be1 Bd1+ 49. Ka3 Kd7 50. Bd2 Ke6 51. Bc3 Kf7 52. Be1 Kg6 53. Bd2
Kh5 54. e6 Bd8 55. Be3 Be7 56. Bd2 Kxh4 57. Bxa5 Kg3 58. Bd2 Kf2 59. a5 Ke2 60.
Bc3 Kd3 61. Be1 Kxc4 62. Kb2 Kd3 63. a6 Bf3 64. a7 c4 65. Bc3 Bc5 66. Bf6 Bxa7
67. e7 Bc6 68. Bh8 Bd4+ 69. Bxd4 Kxd4 70. Kc2 Ke4 71. Kc3 Kxf4 72. Kd4 Be8 73.
Kxc4 1-0

[Event "?"]
[Site "ICS rated blitz match, 131.24"]
[Date "1997.??.??"]
[Round "?"]
[White "Brause"]
[Black "Lichtzahn"]
[Result "1-0"]
[WhiteElo "2245"]
[BlackElo "2550"]
[PlyCount "223"]

1. e4 e5 2. Nf3 Nc6 3. Nc3 Nf6 4. Nxe5 Nxe5 5. d4 Ng6 6. e5 Ng8 7. Bc4 d6 8.
Qf3 Qd7 9. O-O dxe5 10. dxe5 Nxe5 11. Re1 Bd6 12. Bf4 f6 13. Bb5 c6 14. Rad1
Qe6 15. Qg3 g5 16. Bxe5 Bxe5 17. f4 Qg4 18. fxe5 Qxg3 19. hxg3 cxb5 20. exf6+
Kf7 21. Rd8 Kxf6 22. Nxb5 b6 23. Nc7 Rb8 24. Ne8+ Kg6 25. Nd6 h5 26. Nxc8 Rb7
27. Re3 Rc7 28. Rc3 Rxc3 29. bxc3 Kf7 30. Rd7+ Ke6 31. Rxa7 Nf6 32. Re7+ Kf5
33. Nxb6 Rd8 34. Re1 Ne4 35. a4 Nxc3 36. a5 Rd6 37. Nc4 Rc6 38. Ne3+ Ke4 39.
Nf1+ Kf5 40. Nd2 Rd6 41. Nb3 Ne4 42. Kh2 Nf6 43. Rf1+ Ke5 44. Ra1 Ra6 45. c4
Kd6 46. Rd1+ Ke5 47. Re1+ Kd6 48. Kg1 Rc6 49. Nd2 Ra6 50. Ra1 Ke5 51. Nb3 Kf5
52. Rf1+ Kg4 53. Kh2 Ne4 54. Rd1 Ra7 55. c5 Rb7 56. Rd3 Rc7 57. a6 Nf6 58. Rf3
Ne4 59. Re3 Nxc5 60. a7 Rxa7 61. Nxc5 Kf5 62. Re2 Ra5 63. Rf2+ Ke5 64. Nd7+ Kd6
65. Nf6 g4 66. Ne8+ Kd7 67. Re2 Rf5 68. Kg1 Ra5 69. Ng7 Rg5 70. Ne6 Rf5 71. Nd4
Rc5 72. Kf2 Kd6 73. Ke3 Kd5 74. Nf5 Ke5 75. Ng7 Kf6 76. Kd4 Ra5 77. Ne8+ Kg6
78. Nd6 Ra4+ 79. Nc4 Ra1 80. Rf2 Ra4 81. Kd5 Ra8 82. Ne5+ Kg5 83. Nd3 Ra3 84.
Nc5 Kg6 85. Ne4 Ra5+ 86. Ke6 Ra3 87. Rf6+ Kg7 88. Rf7+ Kg6 89. Rf2 Rb3 90. Kd5
Rb5+ 91. Nc5 Ra5 92. Kd4 Ra1 93. Re2 Ra3 94. Nd3 Ra4+ 95. Ke3 Ra3 96. Rf2 Ra1
97. Nf4+ Kg5 98. Ke4 Ra4+ 99. Ke5 Ra3 100. Ne6+ Kg6 101. Rf6+ Kh7 102. Rf5 Rxg3
103. Rxh5+ Kg8 104. Rg5+ Kh8 105. Kf6 Rb3 106. Rc5 Rb6 107. Kf7 Rb7+ 108. Nc7
Rxc7+ 109. Rxc7 Kh7 110. g3 Kh6 111. Kf6 Kh5 112. Rh7# 1-0

[Event "?"]
[Site "ICS rated blitz match, 131.24"]
[Date "1997.??.??"]
[Round "?"]
[White "Brause"]
[Black "Bauttuab"]
[Result "1-0"]
[WhiteElo "2265"]
[BlackElo "2090"]
[PlyCount "63"]

1. e4 e5 2. Nf3 Nc6 3. Nc3 Nf6 4. Nxe5 Nxe5 5. d4 Ng6 6. e5 Ng8 7. Bc4 d5 8.
Nxd5 Be6 9. Ne3 c6 10. Bxe6 fxe6 11. O-O Qd7 12. Nc4 N8e7 13. Nd6+ Kd8 14. Nf7+
Kc7 15. Nxh8 Nxh8 16. c3 Rd8 17. Bg5 h6 18. Qh5 Qe8 19. Qh3 Nhg6 20. Bxe7 Qxe7
21. Rae1 Qd7 22. Qd3 Ne7 23. b4 a6 24. a4 Qd5 25. Re4 c5 26. bxc5 Qxc5 27. Rb1
Nc6 28. Rf4 Qa3 29. Qg6 Qa2 30. Rxf8 Qxb1+ 31. Qxb1 Rxf8 32. Qg6 1-0

[Event "?"]
[Site "ICS rated blitz match, 131.24"]
[Date "1997.??.??"]
[Round "?"]
[White "Brause"]
[Black "Bauttuab"]
[Result "1-0"]
[WhiteElo "2270"]
[BlackElo "2085"]
[PlyCount "39"]

1. e4 e5 2. Nf3 Nc6 3. Nc3 Nf6 4. Nxe5 Nxe5 5. d4 Ng6 6. e5 Ng8 7. Bc4 d5 8.
Nxd5 N8e7 9. Nf4 Nxf4 10. Bxf4 c6 11. Qh5 Nd5 12. O-O-O Be6 13. Bg5 Be7 14.
Bxe7 Qxe7 15. Bf1 b5 16. c3 a5 17. Bd3 Nf4 18. Qf3 Nxd3+ 19. Rxd3 Bxa2 20.
Qxc6+ 1-0

[Event "?"]
[Site "ICS rated blitz match, 131.24"]
[Date "1997.??.??"]
[Round "?"]
[White "Brause"]
[Black "Bauttuab"]
[Result "1-0"]
[WhiteElo "2270"]
[BlackElo "2085"]
[PlyCount "103"]

1. e4 e5 2. Nf3 Nc6 3. Nc3 Nf6 4. Nxe5 Nxe5 5. d4 Ng6 6. e5 Ng8 7. Bc4 d5 8.
Nxd5 N8e7 9. Nf4 Nxf4 10. Bxf4 c6 11. c3 Nd5 12. Qh5 Be6 13. Bd2 Be7 14. O-O
O-O 15. Bd3 g6 16. Qf3 h5 17. Bh6 Bg4 18. Qe4 Bf5 19. Qe2 Bxd3 20. Qxd3 Re8 21.
c4 Nc7 22. Rad1 Bg5 23. Bxg5 Qxg5 24. f4 Qf5 25. Qxf5 gxf5 26. d5 Rad8 27. d6
Ne6 28. Rd3 Kh7 29. Rh3 Kh6 30. Ra3 a6 31. b4 c5 32. bxc5 Nxc5 33. Rb1 Rd7 34.
g3 f6 35. Ra5 Ne6 36. exf6 Kg6 37. f7 Rxf7 38. Re5 Kf6 39. Rd1 Rd8 40. Rdd5 Ng7
41. c5 Rfd7 42. Re2 b6 43. cxb6 Rxd6 44. Rxd6+ Rxd6 45. Rb2 Rd8 46. Kf2 Rb8 47.
Ke3 Rb7 48. Kd4 Ne6+ 49. Kd5 Ke7 50. Ke5 Nc5 51. Kxf5 Kd6 52. Kg5 1-0

[Event "?"]
[Site "ICS rated blitz match, 131.24"]
[Date "1997.??.??"]
[Round "?"]
[White "Brause"]
[Black "Bauttuab"]
[Result "1-0"]
[WhiteElo "2280"]
[BlackElo "2075"]
[PlyCount "63"]

1. e4 e5 2. Nf3 Nc6 3. Nc3 Nf6 4. Nxe5 Nxe5 5. d4 Ng6 6. e5 Ng8 7. Bc4 d5 8.
Nxd5 N8e7 9. Nf4 Nxf4 10. Bxf4 Nd5 11. Qf3 Be6 12. Bd2 c6 13. O-O Be7 14. Qg3
g6 15. Bd3 b5 16. Be4 O-O 17. c3 f5 18. exf6 Rxf6 19. Rae1 Bd6 20. Qh4 Rf7 21.
Qxd8+ Rxd8 22. Bxg6 hxg6 23. Rxe6 Kg7 24. Bg5 Rdd7 25. Rfe1 c5 26. g3 cxd4 27.
cxd4 Be7 28. Bxe7 Rfxe7 29. R6e5 Kf6 30. R1e4 Nb4 31. Rf4+ Kg7 32. Rxb5 1-0

[Event "?"]
[Site "ICS rated blitz match, 131.24"]
[Date "1997.??.??"]
[Round "?"]
[White "Brause"]
[Black "Bauttuab"]
[Result "1-0"]
[WhiteElo "2285"]
[BlackElo "2070"]
[PlyCount "97"]

1. e4 e5 2. Nf3 Nc6 3. Nc3 Nf6 4. Nxe5 Nxe5 5. d4 Ng6 6. e5 Ng8 7. Bc4 d5 8.
Nxd5 N8e7 9. Nf4 Nxf4 10. Bxf4 Nd5 11. Qf3 Nxf4 12. Qxf4 Be6 13. Bxe6 fxe6 14.
Qe4 c6 15. O-O Qd7 16. b3 g6 17. Rae1 Bg7 18. Qf4 Qf7 19. Qg5 O-O 20. Re3 Qf5
21. Qxf5 Rxf5 22. f3 Rd8 23. c3 h5 24. g3 g5 25. Re4 Kh7 26. h3 Kg6 27. Kf2 Rf7
28. Ke2 Bf8 29. h4 gxh4 30. Rxh4 Be7 31. Rh3 c5 32. Rfh1 Rh7 33. Ke3 cxd4+ 34.
cxd4 Rc8 35. R1h2 h4 36. Ke4 Rch8 37. f4 hxg3 38. Rxg3+ Kf7 39. Rxh7+ Rxh7 40.
d5 exd5+ 41. Kxd5 Rh2 42. a4 Rd2+ 43. Ke4 Bh4 44. Rh3 Be7 45. Rh7+ Ke8 46. f5
Re2+ 47. Kd5 Rd2+ 48. Ke6 Rc2 49. Rxe7+ 1-0

[Event "?"]
[Site "ICS rated blitz match, 131.24"]
[Date "1997.??.??"]
[Round "?"]
[White "Brause"]
[Black "Seattle"]
[Result "1-0"]
[WhiteElo "2250"]
[BlackElo "1665"]
[PlyCount "23"]

1. e4 e5 2. Nf3 Nc6 3. Nc3 Nf6 4. Nxe5 Nxe5 5. d4 Nc6 6. d5 Nb8 7. e5 Ng8 8. d6
cxd6 9. exd6 Nc6 10. Nb5 Bxd6 11. Qxd6 Qa5+ 12. Bd2 1-0

[Event "?"]
[Site "ICS rated blitz match, 131.24"]
[Date "1997.??.??"]
[Round "?"]
[White "Brause"]
[Black "Seattle"]
[Result "1-0"]
[WhiteElo "2250"]
[BlackElo "1665"]
[PlyCount "29"]

1. e4 e5 2. Nf3 Nc6 3. Nc3 Nf6 4. Nxe5 Nxe5 5. d4 Ng6 6. e5 Ng8 7. Bc4 d6 8.
Qf3 Be6 9. Qxb7 Bxc4 10. Qc6+ Ke7 11. exd6+ Qxd6 12. Qxa8 Nf6 13. Bg5 h6 14.
Bxf6+ Kxf6 15. Ne4+ 1-0

[Event "?"]
[Site "ICS rated blitz match, 131.24"]
[Date "1997.??.??"]
[Round "?"]
[White "Brause"]
[Black "DreamTeamer"]
[Result "0-1"]
[WhiteElo "2370"]
[BlackElo "2400"]
[PlyCount "102"]

1. e4 e5 2. Nf3 Nc6 3. Nc3 Nf6 4. Nxe5 Nxe5 5. d4 Ng6 6. e5 Ng8 7. Bc4 d5 8.
Nxd5 Be6 9. Ne3 N8e7 10. O-O c6 11. Bxe6 fxe6 12. c3 Nd5 13. Qg4 Qd7 14. Nc4
Be7 15. Bd2 O-O 16. Rae1 Rf5 17. g3 Raf8 18. Qe4 Rf3 19. Re2 R8f5 20. Kg2 h5
21. Ree1 b5 22. Na5 Bd8 23. Nb3 Qf7 24. Re2 h4 25. Qg4 Bb6 26. gxh4 Bd8 27. Nc5
Nxh4+ 28. Kh1 g5 29. Ne4 Nf4 30. Nd6 Qg6 31. Re3 Nh3 32. Nxf5 exf5 33. Qxh3
Rxh3 34. Rxh3 f4 35. Rxh4 gxh4 36. Rg1 Bg5 37. f3 Kf7 38. Rf1 Qd3 39. Rf2 h3
40. Kg1 Bh4 41. e6+ Kxe6 42. Be1 Bxf2+ 43. Kxf2 Qc2+ 44. Bd2 Qxd2+ 45. Kf1 Qxh2
46. Ke1 Qg2 47. d5+ Kxd5 48. b3 h2 49. c4+ bxc4 50. bxc4+ Kxc4 51. Kd1 h1=R#
0-1